Wszyscy zwyćięzcy Pucharu Azji - Statystyki

Ogólne statystyki
  • Ten quiz został rozwiązany 8 razy
  • Średni wynik to 15 z 18
Odpowiedzi na mapie
Odpowiedzi zakodowano w zielono-czerwonej skali na mapie do tego quizu, zgodnie z poniższymi procentami.
 
Statystyki odpowiedzi
Odpowiedź % Poprawnych
Arabia Saudyjska
88%
Arabia Saudyjska
88%
Irak
88%
Iran
88%
Izrael
88%
Japonia
88%
Japonia
88%
Japonia
88%
Japonia
88%
Korea Południowa
88%
Kuwejt
88%
Arabia Saudyjska
75%
Australia
75%
Katar
75%
Katar
75%
Korea Południowa
75%
Iran
63%
Iran
50%
Nie znaleziono quizów pasujących do podanych kryteriów
Rozkład punktacji
Procent ludzi z każdym wynikiem
Percentyl według liczby udzielonych odpowiedzi
Twoja historia wyników
Nie rozwiązałeś tego quizu